Movies Quiz

Random Movies or Country Quiz

Country by Themed Movie Collage Quiz Stats

 Plays Quiz Updated May 17, 2019

Score 0/20 Timer 08:00
7 Plays Today
% Correct
A) Russia
86.3%
A) United States
86.1%
C) Australia
85%
C) Greece
83.8%
A) Italy
81.7%
A) United Kingdom
81%
A) Egypt
79.1%
D) Canada
79%
A) Mexico
76.8%
C) South Africa
75%
% Correct
A) Germany
74.9%
C) Brazil
74.8%
D) Japan
62.5%
A) China
61.8%
B) Sweden
55.7%
D) France
47.5%
D) New Zealand
35.9%
B) Philippines
27.2%
D) Spain
14.4%
B) Hungary
11%

You're not logged in!

Compare scores with friends on all Sporcle quizzes.
OR
Log In

Show Comments

Extras

Top Quizzes Today


Score Distribution

Your Account Isn't Verified!

In order to create a playlist on Sporcle, you need to verify the email address you used during registration. Go to your Sporcle Settings to finish the process.

Report this User

Report this user for behavior that violates our Community Guidelines.

Details: